Kežmarskí tanečníci získali dva tituly

Bibliographic Details
Format: Article
Language:Slovak
PhysicalDescription:Fotogr.
ISSN:1210-2423
Subjects:

MARC

LEADER 00000nab a2200000 ar4500
001 vtls010487985
003 SK-MaSNL
005 20260303231058.0
008 130205c2012 xo wr|p|||||||000 b|slo
038 |a PPPK 
040 |a PPPKCL  |b slo  |c PPPKCL  |e AACR2 
041 0 |a slo 
044 |a xo  |c SK 
080 |a 373/378:7  |x (437.671.113.123)  |2 2001 
245 0 0 |a Kežmarskí tanečníci získali dva tituly  |c [text a foto] (red) 
300 |b Fotogr. 
610 2 7 |a Základná umelecká škola (Kežmarok, Slovensko)  |2 pppkcl  |9 54516 
611 2 7 |a Majstrovstvá Slovenska v tanečnom umení rôznych štýlov  |d (2012 :  |c Bratislava, Slovensko)  |2 pppkcl  |9 1265739 
650 0 7 |a umelecké školy  |2 pppkcl  |9 29319 
650 0 7 |a základné umelecké školy  |2 pppkcl  |9 29368 
650 0 7 |a úspechy  |2 pppkcl  |9 873641 
651 7 |a Kežmarok (Slovensko)  |2 pppkcl  |9 26808 
773 0 |t Podtatranské noviny  |g Roč. LIII, č. 25 (2012), s. 4  |x 1210-2423 
852 |a PPPK  |b KIS3GCP 
999 |c 2265077  |d 2267007